000 00679nam a22002297i 4500
003 URS
005 20220114152849.0
008 161215b xxu||||| |||| 00| 0 eng d
020 _a9789715066679
040 _erda
_cURSP-College Library
_beng
050 _aPL5539.H34
_bH53s 2012
100 1 _aHidalgo, Cristina Pantoja
245 _aStella and other friendly ghosts.
264 1 _aManila
_bUST Pub. House
_c2012.
300 _axvi, 224 pages
_billustrations
_c23cm
336 _atext
_btxt
_2rdacontent
337 _aunmediated
_bn
_2rdamedia
338 _avolume
_bnc
_2rdacarrier
650 0 _aPhilippine essays (English).
650 0 _aEssays - Collections.
942 _cF
_2lcc
999 _c7748
_d7748